000 00603nam a22001457a 4500
020 _a978-0-143-42225-9
082 _a823
_bMUR/M
100 _aMURTY, SUDHA
245 _aTHE MOTHER I NEVER KNEW
260 _aDELHI
_bPENGUIN BOOKS
_c2014
300 _a207
520 _aVenkatesh, a bank manager, stumbles upon his lookalike one fine day. When he probes further, he discovers his father's hidden past, which includes an abandoned wife and child. Ventakesh is determined to make amends to his impoverished stepmother—but how can he repay his father's debt?
650 _aSTORY BOOK
_zINDIA
942 _cBK
999 _c5876
_d5876